000 00949naa a2200277 c 4500
001 35385
003 ES-MaCES
005 20150929135548.0
008 050929n2005 xxk t 000 | eng d
035 _aCES20050008738v
040 _aES-MaCES
_bspa
_cES-MaCES
100 1 _aGallie, Duncan
_912644
245 1 0 _aWork pressure in Europe 1996- 2001
_b: trends and determinants
_cDuncan Gallie
500 _aResumen en inglés
504 _aBibliografía: p. 374- 375
650 4 _a1996-2001
_931688
650 4 _aacoso laboral
_930708
650 4 _acalidad de la vida de trabajo
_930024
650 4 _aempleo
_928299
653 1 0 _aRelaciones laborales-Empleo
650 4 _926752
_aUE
773 0 _tBritish journal of industrial relations
_gvol. 43, no. 3 (Sept. 2005){10036 R. 062115}; p. 351- 375
_w(ES-MaCES)25056
_932017
902 _aART Artículo de revista
942 _2CES
_cAR
_h2.0.
999 _c35385
_d35385